| 000 -LEADER |
| fixed length control field |
01928nam a22003257a 4500 |
| 020 ## - INTERNATIONAL STANDARD BOOK NUMBER |
| International Standard Book Number |
9781260570090 |
| 082 ## - DEWEY DECIMAL CLASSIFICATION NUMBER |
| Classification number |
617.0076 |
| Author Mark |
SCH |
| 245 00 - TITLE STATEMENT |
| Title |
Schwartz's Principles of Surgery / |
| Statement of responsibility, etc. |
edited by F. Charles Brunicardi, Dana K. Anderson [and seven others]. |
| 246 3# - VARYING FORM OF TITLE |
| Title proper/short title |
Principles of surgery |
| 250 ## - EDITION STATEMENT |
| Edition statement |
11th Edition. |
| 260 ## - PUBLICATION, DISTRIBUTION, ETC. |
| Place of publication, distribution, etc. |
New York : |
| Name of publisher, distributor, etc. |
McGraw-Hill, |
| Date of publication, distribution, etc. |
2019. |
| 300 ## - PHYSICAL DESCRIPTION |
| Extent |
2 volumes : |
| Dimensions |
28 cm. |
| Other physical details |
illustrations (some color) ; |
| 504 ## - BIBLIOGRAPHY, ETC. NOTE |
| Bibliography, etc. note |
Includes bibliographical references and index. |
| 520 ## - SUMMARY, ETC. |
| Summary, etc. |
Based on general surgery's cornerstone text, Schwartz's Principles of Surgery, this unmatched study guide provides everything you need to ace your exams, whether you're a medical student, a resident, or a practicing surgeon seeking recertification. Developed by some of the top minds in modern surgery, Schwartz's Principles of Surgery ABSITE and Board Review delivers the most current, authoritative perspectives on surgical practice. The board-style practice questions are accompanied by answers and comprehension-building rationales, ensuring a complete understanding of the material. Featuring hundreds of illustrations, photos, and tables, this is a resource for certification and recertification example review. |
| 563 ## - BINDING INFORMATION |
| Binding note |
HBK. |
| 610 20 - SUBJECT ADDED ENTRY--CORPORATE NAME |
| Corporate name or jurisdiction name as entry element |
American Board of Surgery |
| Form subdivision |
Study guides. |
| General subdivision |
Examinations |
| 9 (RLIN) |
125815 |
| 650 #0 - SUBJECT ADDED ENTRY--TOPICAL TERM |
| Topical term or geographic name entry element |
Surgery |
| Form subdivision |
Examinations, questions, etc. |
| 9 (RLIN) |
125816 |
| 650 #0 - SUBJECT ADDED ENTRY--TOPICAL TERM |
| Topical term or geographic name entry element |
Surgery, Operative |
| 9 (RLIN) |
113387 |
| 650 #0 - SUBJECT ADDED ENTRY--TOPICAL TERM |
| Topical term or geographic name entry element |
Surgical Procedures, Operative |
| 9 (RLIN) |
125817 |
| 650 #0 - SUBJECT ADDED ENTRY--TOPICAL TERM |
| Topical term or geographic name entry element |
Examination Questions |
| 9 (RLIN) |
125818 |
| 650 #6 - SUBJECT ADDED ENTRY--TOPICAL TERM |
| Topical term or geographic name entry element |
Chirurgie |
| Form subdivision |
Examens, questions, etc. |
| 9 (RLIN) |
125819 |
| 650 #6 - SUBJECT ADDED ENTRY--TOPICAL TERM |
| Topical term or geographic name entry element |
Chirurgie opératoire. |
| 9 (RLIN) |
125820 |
| 650 #7 - SUBJECT ADDED ENTRY--TOPICAL TERM |
| Topical term or geographic name entry element |
Examinations |
| Source of heading or term |
fast |
| 9 (RLIN) |
125821 |
| 650 #7 - SUBJECT ADDED ENTRY--TOPICAL TERM |
| Topical term or geographic name entry element |
Surgery |
| Source of heading or term |
fast |
| 9 (RLIN) |
113386 |
| 650 #7 - SUBJECT ADDED ENTRY--TOPICAL TERM |
| Topical term or geographic name entry element |
Examinations |
| Source of heading or term |
fast |
| 9 (RLIN) |
125822 |
| 650 #7 - SUBJECT ADDED ENTRY--TOPICAL TERM |
| Topical term or geographic name entry element |
Study guides |
| Source of heading or term |
fast |
| 9 (RLIN) |
9971 |
| 700 1# - ADDED ENTRY--PERSONAL NAME |
| Personal name |
Brunicardi, F. Charles, |
| Relator term |
editor. |
| 9 (RLIN) |
125823 |
| 730 ## - ADDED ENTRY--UNIFORM TITLE |
| Uniform title |
Principles of surgery |
| 9 (RLIN) |
125824 |
| 942 ## - ADDED ENTRY ELEMENTS (KOHA) |
| Source of classification or shelving scheme |
|
| Koha item type |
Book |